[Event "DEN-chT 2223 60th"]
[Site "Denmark"]
[Date "2023.03.05"]
[Round "7.2"]
[White "Berg, Klaus"]
[Black "Klitgaard, Thomas"]
[Result "1/2-1/2"]
[WhiteElo "2278"]
[BlackElo "2137"]
[PlyCount "38"]
[EventDate "2022.10.29"]
[EventType "team-tourn"]
[EventRounds "9"]
[EventCountry "DEN"]
[SourceTitle "CBM 213 Extra"]
[Source "ChessBase"]
[SourceDate "2023.05.31"]
[SourceVersion "1"]
[SourceVersionDate "2023.05.31"]
[SourceQuality "1"]
[WhiteTeam "Skanderborg Nordea"]
[BlackTeam "Nordre"]
[WhiteTeamCountry "DEN"]
[BlackTeamCountry "DEN"]

1. c4 e6 2. Nc3 d5 3. d4 Nf6 4. cxd5 exd5 5. Bg5 c6 6. Qc2 Be7 7. e3 Nbd7 8. Bd3 h6 9. Bh4 Nh5 10. Bxe7 Qxe7 11. 0-0-0 Nb6 12. h3 Bd7 13. Nf3 0-0-0 14. Kb1 Kb8 15. Rc1 Bc8 16. Na4 Nxa4 17. Qxa4 Nf6 18. Rc3 Ne4 19. Rc2 f6 1/2-1/2

[Event "DEN-chT 2223 60th"]
[Site "Denmark"]
[Date "2023.01.15"]
[Round "6.1"]
[White "Borge, Nikolaj"]
[Black "Klitgaard, Thomas"]
[Result "1-0"]
[WhiteElo "2388"]
[BlackElo "2137"]
[PlyCount "79"]
[EventDate "2022.10.29"]
[EventType "team-tourn"]
[EventRounds "9"]
[EventCountry "DEN"]
[SourceTitle "CBM 213 Extra"]
[Source "ChessBase"]
[SourceDate "2023.05.31"]
[SourceVersion "1"]
[SourceVersionDate "2023.05.31"]
[SourceQuality "1"]
[WhiteTeam "Hillerod"]
[BlackTeam "Nordre"]
[WhiteTeamCountry "DEN"]
[BlackTeamCountry "DEN"]

1. e4 e6 2. d4 d5 3. e5 c5 4. c3 Qb6 5. Nf3 Nc6 6. Bd3 cxd4 7. 0-0 Bd7 8. Re1 a6 9. Nbd2 Rc8 10. Nb3 dxc3 11. bxc3 Na5 12. Be3 Qc7 13. Nxa5 Qxa5 14. Qb1 b5 15. a4 b4 16. cxb4 Bxb4 17. Bxa6 Bxe1 18. Bxc8 Bxc8 19. Nxe1 Bd7 20. Qb8+ Qd8 21. Qb4 Ne7 22. Bc5 f6 23. exf6 gxf6 24. a5 Kf7 25. a6 Bc6 26. a7 Ba8 27. Bxe7 Qxe7 28. Qxe7+ Kxe7 29. Rb1 Rc8 30. Rb8 Kd7 31. Nd3 e5 32. f3 e4 33. Nc5+ Kc7 34. Kf2 exf3 35. gxf3 d4 36. Ne6+ Kd7 37. Nxd4 Bd5 38. Rb5 Kd6 39. Nf5+ Ke5 40. Rxd5+ 1-0

[Event "DEN-chT 1920 58th"]
[Site "Denmark"]
[Date "2020.01.11"]
[Round "4.6"]
[White "Jensen, Bjarke"]
[Black "Klitgaard, Thomas"]
[Result "1-0"]
[WhiteElo "2328"]
[BlackElo "2173"]
[PlyCount "77"]
[EventDate "2019.11.23"]
[EventType "team-tourn"]
[EventRounds "9"]
[EventCountry "DEN"]
[SourceTitle "CBM 195 Extra"]
[Source "ChessBase"]
[SourceDate "2020.05.31"]
[SourceVersion "1"]
[SourceVersionDate "2020.05.31"]
[SourceQuality "1"]
[WhiteTeam "Jetsmark"]
[BlackTeam "Nordre"]
[WhiteTeamCountry "DEN"]
[BlackTeamCountry "DEN"]

1. e4 e5 2. Nf3 Nc6 3. Bb5 a6 4. Ba4 Nf6 5. 0-0 Be7 6. Re1 b5 7. Bb3 d6 8. c3 0-0 9. d3 Na5 10. Bc2 c5 11. Nbd2 Re8 12. Nf1 h6 13. h3 Bf8 14. Ng3 Nc6 15. d4 Bb7 16. d5 Ne7 17. Bd2 g6 18. Nh2 Bg7 19. h4 Kh7 20. f4 exf4 21. Bxf4 Nc8 22. h5 Nd7 23. Qg4 Ne5 24. Bxe5 Bxe5 25. Rf1 Rf8 26. Rxf7+ Rxf7 27. hxg6+ Kh8 28. gxf7 Nb6 29. Rf1 Qf8 30. Nf3 Nc4 31. Nxe5 Nxe5 32. Qe6 Bc8 33. Qf6+ Kh7 34. Bd1 Bd7 35. Nf5 Bxf5 36. Rxf5 Ra7 37. Bh5 Ra8 38. Rxe5 dxe5 39. Bg6# 1-0

[Event "DEN-chT 1920 58th"]
[Site "Denmark"]
[Date "2019.11.24"]
[Round "2.5"]
[White "Klitgaard, Thomas"]
[Black "Jaksland, Tim"]
[Result "1/2-1/2"]
[WhiteElo "2173"]
[BlackElo "2218"]
[PlyCount "28"]
[EventDate "2019.11.23"]
[EventType "team-tourn"]
[EventRounds "9"]
[EventCountry "DEN"]
[SourceTitle "EXT 2022"]
[Source "ChessBase"]
[SourceDate "2021.10.06"]
[SourceVersion "1"]
[SourceVersionDate "2021.10.06"]
[SourceQuality "1"]
[WhiteTeam "Nordre"]
[BlackTeam "Hillerod"]
[WhiteTeamCountry "DEN"]
[BlackTeamCountry "DEN"]

1. d4 Nf6 2. Bg5 c5 3. d5 Ne4 4. Bf4 e6 5. f3 Qa5+ 6. c3 Nf6 7. e4 exd5 8. exd5 d6 9. Ne2 Be7 10. Ng3 0-0 11. Be2 Re8 12. 0-0 b5 13. a4 c4 14. Na3 Bb7 1/2-1/2

[Event "DEN-chT 1718 56th"]
[Site "Denmark"]
[Date "2017.11.19"]
[Round "2.4"]
[White "Ochsner, Thomas"]
[Black "Klitgaard, Thomas"]
[Result "0-1"]
[WhiteElo "2301"]
[BlackElo "2195"]
[PlyCount "102"]
[EventDate "2017.11.18"]
[EventType "team-tourn"]
[EventRounds "9"]
[EventCountry "DEN"]
[SourceTitle "CBM 181 Extra"]
[Source "ChessBase"]
[SourceDate "2017.12.12"]
[SourceVersion "1"]
[SourceVersionDate "2017.12.12"]
[SourceQuality "1"]
[WhiteTeam "Aarhus/Skolerne"]
[BlackTeam "Nordre"]
[WhiteTeamCountry "DEN"]
[BlackTeamCountry "DEN"]

1. e4 c5 2. Nf3 g6 3. c3 Nc6 4. d4 d5 5. e5 cxd4 6. cxd4 Bg4 7. Be2 Nh6 8. b3 Nf5 9. Bb2 Qa5+ 10. Bc3 Qb6 11. Nbd2 e6 12. 0-0 Bb4 13. Rc1 Bxf3 14. Nxf3 Bxc3 15. Rxc3 Nfxd4 16. Qd2 Nxf3+ 17. Bxf3 0-0 18. Qh6 Qd4 19. Re3 Nxe5 20. Be2 Nc6 21. h4 Qg7 22. Qg5 h6 23. Qg3 e5 24. Bb5 Nd4 25. Bd7 Rad8 26. Bh3 Rfe8 27. Rc1 f5 28. Ree1 f4 29. Qd3 e4 30. Qd2 f3 31. Rcd1 Ne2+ 32. Kh1 d4 33. gxf3 exf3 34. Bg4 Re4 35. Bxf3 Rxh4+ 36. Kg2 Nf4+ 37. Kf1 Qf6 38. Qa5 Rh3 39. Bxb7 Qh4 40. Kg1 Qg5+ 41. Qxg5 hxg5 42. Rd2 Rc3 43. Red1 g4 44. Ba6 d3 45. Kh2 Kg7 46. f3 gxf3 47. Kg3 g5 48. Kxf3 Kf6 49. Ke4 Re8+ 50. Kd4 Ne2+ 51. Kd5 Re5+ 0-1

[Event "DEN-chT 1617 55th"]
[Site "Denmark"]
[Date "2017.02.26"]
[Round "7.4"]
[White "Klitgaard, Thomas"]
[Black "Christensen, Tobias"]
[Result "1/2-1/2"]
[WhiteElo "2217"]
[BlackElo "2343"]
[PlyCount "38"]
[EventDate "2016.10.29"]
[EventType "team-tourn"]
[EventRounds "9"]
[EventCountry "DEN"]
[SourceTitle "EXT 2018"]
[Source "ChessBase"]
[SourceDate "2017.10.13"]
[SourceVersion "1"]
[SourceVersionDate "2017.10.13"]
[SourceQuality "1"]
[WhiteTeam "Nordre"]
[BlackTeam "Aarhus/Skolerne"]
[WhiteTeamCountry "DEN"]
[BlackTeamCountry "DEN"]

1. d4 e6 2. c4 f5 3. g3 Nf6 4. Bg2 d5 5. Nf3 Bd6 6. 0-0 0-0 7. Nc3 c6 8. c5 Bc7 9. Bf4 Nbd7 10. b4 h6 11. e3 g5 12. Bxc7 Qxc7 13. Ne2 b6 14. cxb6 axb6 15. Qc2 Ba6 16. Rfc1 Bc4 17. a4 Qd6 18. Rcb1 Kg7 19. Nc3 Ne4 1/2-1/2

[Event "DEN-chT 1617 55th"]
[Site "Denmark"]
[Date "2016.10.30"]
[Round "2.3"]
[White "Klitgaard, Thomas"]
[Black "Mikkelsen, Nikolaj"]
[Result "0-1"]
[WhiteElo "2217"]
[BlackElo "2463"]
[PlyCount "62"]
[EventDate "2016.10.29"]
[EventType "team-tourn"]
[EventRounds "9"]
[EventCountry "DEN"]
[SourceTitle "EXT 2018"]
[Source "ChessBase"]
[SourceDate "2017.10.13"]
[SourceVersion "1"]
[SourceVersionDate "2017.10.13"]
[SourceQuality "1"]
[WhiteTeam "Nordre"]
[BlackTeam "Philidor"]
[WhiteTeamCountry "DEN"]
[BlackTeamCountry "DEN"]

1. d4 Nf6 2. c4 g6 3. Nc3 Bg7 4. e4 d6 5. Be2 0-0 6. Bg5 h6 7. Be3 c5 8. d5 e6 9. h3 exd5 10. exd5 Re8 11. Nf3 Rxe3 12. fxe3 Qe7 13. e4 Nxe4 14. Nxe4 Qxe4 15. Qd2 Nd7 16. 0-0 Ne5 17. Rae1 Bf5 18. b3 Nxf3+ 19. Bxf3 Qh4 20. g4 Qxh3 21. Qh2 Bxg4 22. Bxg4 Qxg4+ 23. Kh1 Qd7 24. Re4 Re8 25. Rfe1 Rxe4 26. Rxe4 Kh7 27. Qh4 Qf5 28. Re7 Be5 29. Rxe5 Qxe5 30. Qd8 Qh5+ 31. Kg2 Qg5+ 0-1

[Event "DEN-chT 1617 55th"]
[Site "Denmark"]
[Date "2016.10.29"]
[Round "1.2"]
[White "Ostergaard, Jens"]
[Black "Klitgaard, Thomas"]
[Result "1-0"]
[WhiteElo "2239"]
[BlackElo "2217"]
[PlyCount "107"]
[EventDate "2016.10.29"]
[EventType "team-tourn"]
[EventRounds "9"]
[EventCountry "DEN"]
[SourceTitle "EXT 2018"]
[Source "ChessBase"]
[SourceDate "2017.10.13"]
[SourceVersion "1"]
[SourceVersionDate "2017.10.13"]
[SourceQuality "1"]
[WhiteTeam "Hillerod"]
[BlackTeam "Nordre"]
[WhiteTeamCountry "DEN"]
[BlackTeamCountry "DEN"]

1. d4 d5 2. Nf3 Nf6 3. c4 c6 4. Nc3 dxc4 5. a4 Bf5 6. e3 e6 7. Bxc4 Bb4 8. 0-0 Nbd7 9. Nh4 Bg6 10. Qb3 a5 11. g3 Qc7 12. f3 0-0 13. e4 e5 14. dxe5 Nxe5 15. Be2 Ned7 16. Be3 Bc5 17. Na2 Qb6 18. Qxb6 Bxb6 19. Bxb6 Nxb6 20. b3 Rfd8 21. Rfd1 Kf8 22. Kf2 Rxd1 23. Rxd1 Nfd7 24. Rc1 f6 25. Rc3 Rd8 26. Nc1 Ke7 27. Nd3 Kd6 28. Ke3 Re8 29. Kf2 Re7 30. Nf4 Nf8 31. Bf1 Ne6 32. Nhxg6 hxg6 33. Nxg6 Re8 34. Bh3 Nd7 35. Rd3+ Kc7 36. Bxe6 Rxe6 37. Nh4 Rd6 38. Ke3 Nc5 39. Rxd6 Kxd6 40. Nf5+ Kd7 41. Nd4 g6 42. h4 Ke7 43. f4 Kd6 44. g4 Nd7 45. g5 fxg5 46. hxg5 Nf8 47. f5 gxf5 48. Nxf5+ Ke5 49. Nh4 Ne6 50. Nf3+ Kd6 51. g6 Ke7 52. e5 Nc5 53. Ng5 Kf8 54. e6 1-0

[Event "DEN-chT 1516 54th"]
[Site "Denmark"]
[Date "2016.03.06"]
[Round "9.5"]
[White "Vinter Schou, Uffe"]
[Black "Klitgaard, Thomas"]
[Result "0-1"]
[WhiteElo "2374"]
[BlackElo "2230"]
[PlyCount "128"]
[EventDate "2015.10.31"]
[EventType "team-tourn"]
[EventRounds "9"]
[EventCountry "DEN"]
[SourceTitle "EXT 2017"]
[Source "ChessBase"]
[SourceDate "2016.10.25"]
[SourceVersion "1"]
[SourceVersionDate "2016.10.25"]
[SourceQuality "1"]
[WhiteTeam "Aarhus/Skolerne"]
[BlackTeam "Nordre"]
[WhiteTeamCountry "DEN"]
[BlackTeamCountry "DEN"]

1. e4 d5 2. exd5 Nf6 3. d4 Bg4 4. Nf3 Qxd5 5. Be2 Nc6 6. h3 Bxf3 7. Bxf3 Qf5 8. Be3 e6 9. 0-0 Bd6 10. c4 g5 11. Nc3 h5 12. Qb1 g4 13. Qxf5 exf5 14. Bxc6+ bxc6 15. Rfe1 Kd7 16. c5 Be7 17. Bf4 Ng8 18. Rad1 Rb8 19. b3 Bf6 20. Be5 Re8 21. Ne2 Rh6 22. Nf4 Bg5 23. Nd3 Rhe6 24. Kf1 Ne7 25. Bf4 Bf6 26. Be5 Bg5 27. Bg3 Ng6 28. Ne5+ Nxe5 29. Rxe5 Rxe5 30. Bxe5 f6 31. Bh2 f4 32. d5 f5 33. d6 Re4 34. dxc7+ Kxc7 35. Rd6 Be7 36. Rh6 Bxc5 37. Rxh5 Bb4 38. f3 Re1+ 39. Kf2 g3+ 40. Bxg3 fxg3+ 41. Kxg3 Bd6+ 42. f4 Re3+ 43. Kf2 Rc3 44. Rxf5 Rc2+ 45. Kf3 Rxa2 46. Rf7+ Kb6 47. Rd7 Kc5 48. h4 a5 49. h5 Rb2 50. h6 Rxb3+ 51. Kg4 Rb1 52. Kg5 Rh1 53. f5 a4 54. Ra7 Kb5 55. g4 Bc5 56. Rb7+ Ka6 57. Rb2 Be3+ 58. Kg6 Rxh6+ 59. Kf7 a3 60. Ra2 Bc1 61. Rc2 Bb2 62. g5 Rd6 63. Ke7 Rd5 64. f6 a2 0-1

[Event "DEN-chT 1516 54th"]
[Site "Denmark"]
[Date "2016.01.24"]
[Round "6.5"]
[White "Klitgaard, Thomas"]
[Black "Andersen, Jackie"]
[Result "0-1"]
[WhiteElo "2230"]
[BlackElo "2343"]
[PlyCount "56"]
[EventDate "2015.10.31"]
[EventType "team-tourn"]
[EventRounds "9"]
[EventCountry "DEN"]
[SourceTitle "CBM 170 Extra"]
[Source "ChessBase"]
[SourceDate "2016.02.25"]
[SourceVersion "1"]
[SourceVersionDate "2016.02.25"]
[SourceQuality "1"]
[WhiteTeam "Nordre"]
[BlackTeam "Skanderborg Nordea"]
[WhiteTeamCountry "DEN"]
[BlackTeamCountry "DEN"]

1. d4 g6 2. e4 Bg7 3. c4 d6 4. Nc3 Nd7 5. Bg5 a6 6. Nf3 c6 7. Be2 h6 8. Be3 b5 9. 0-0 Ngf6 10. Nd2 0-0 11. c5 a5 12. Qc2 Ne8 13. f4 Nc7 14. Bf3 b4 15. Ne2 dxc5 16. dxc5 e5 17. f5 Nb5 18. Nc4 Nd4 19. Nxd4 exd4 20. Bf4 Nxc5 21. Nd6 Qb6 22. Kh1 Ba6 23. f6 Bxf6 24. Bxh6 Bxf1 25. Bxf8 Bd3 26. Qd2 Rxf8 27. Qf4 Nd7 28. Bg4 Be5 0-1

[Event "DEN-chT 1516 54th"]
[Site "Denmark"]
[Date "2016.01.10"]
[Round "5.5"]
[White "Schuette, Andreas"]
[Black "Klitgaard, Thomas"]
[Result "1/2-1/2"]
[WhiteElo "2182"]
[BlackElo "2230"]
[PlyCount "29"]
[EventDate "2015.10.31"]
[EventType "team-tourn"]
[EventRounds "9"]
[EventCountry "DEN"]
[SourceTitle "CBM 170 Extra"]
[Source "ChessBase"]
[SourceDate "2016.02.25"]
[SourceVersion "1"]
[SourceVersionDate "2016.02.25"]
[SourceQuality "1"]
[WhiteTeam "Bov"]
[BlackTeam "Nordre"]
[WhiteTeamCountry "DEN"]
[BlackTeamCountry "DEN"]

1. d4 Nf6 2. Nf3 d5 3. g3 c6 4. Bg2 Bf5 5. 0-0 e6 6. b3 Bd6 7. Bb2 0-0 8. c4 Nbd7 9. Nc3 Ne4 10. Nh4 Nxc3 11. Bxc3 Bg4 12. Qd2 Be7 13. Nf3 Bf5 14. Rfd1 Be4 15. Qb2 1/2-1/2

[Event "DEN-chT 1516 54th"]
[Site "Denmark"]
[Date "2016.01.09"]
[Round "4.5"]
[White "Klitgaard, Thomas"]
[Black "Ziska, Helgi Dam"]
[Result "0-1"]
[WhiteElo "2230"]
[BlackElo "2523"]
[PlyCount "58"]
[EventDate "2015.10.31"]
[EventType "team-tourn"]
[EventRounds "9"]
[EventCountry "DEN"]
[SourceTitle "CBM 170 Extra"]
[Source "ChessBase"]
[SourceDate "2016.02.25"]
[SourceVersion "1"]
[SourceVersionDate "2016.02.25"]
[SourceQuality "1"]
[WhiteTeam "Nordre"]
[BlackTeam "Philidor"]
[WhiteTeamCountry "DEN"]
[BlackTeamCountry "DEN"]

1. d4 Nf6 2. c4 g6 3. Nc3 Bg7 4. e4 d6 5. Be2 0-0 6. Bg5 Na6 7. Nf3 e5 8. d5 h6 9. Bh4 g5 10. Bg3 Nh5 11. Nd2 Nf4 12. 0-0 f5 13. exf5 Bxf5 14. Nde4 Qe8 15. Bg4 Bg6 16. Re1 Kh8 17. Bxf4 Rxf4 18. g3 Rf8 19. b4 h5 20. Be2 g4 21. c5 Nxb4 22. cxd6 cxd6 23. Qb3 a5 24. a3 Na6 25. Qxb7 Nc5 26. Nxc5 dxc5 27. Bb5 Qd8 28. Ne4 Rb8 29. Qc6 Be8 0-1

[Event "DEN-chT 1516 54th"]
[Site "Denmark"]
[Date "2015.10.31"]
[Round "1"]
[White "Ostergaard, Jens"]
[Black "Klitgaard, Thomas"]
[Result "1-0"]
[WhiteElo "2254"]
[BlackElo "2230"]
[PlyCount "101"]
[EventDate "2015.10.31"]
[EventType "team-tourn"]
[EventRounds "9"]
[EventCountry "DEN"]
[SourceTitle "CBM 169 Extra"]
[Source "ChessBase"]
[SourceDate "2015.12.18"]
[SourceVersion "1"]
[SourceVersionDate "2015.12.18"]
[SourceQuality "1"]
[WhiteTeam "Hillerod"]
[BlackTeam "Nordre"]
[WhiteTeamCountry "DEN"]
[BlackTeamCountry "DEN"]

1. d4 d6 2. Nf3 Bg4 3. c4 Bxf3 4. gxf3 c6 5. Nc3 e6 6. e4 e5 7. dxe5 dxe5 8. Qxd8+ Kxd8 9. f4 Nd7 10. Be3 Bc5 11. Bxc5 Nxc5 12. 0-0-0+ Kc7 13. Rg1 g6 14. fxe5 a5 15. Bh3 Re8 16. f4 f6 17. e6 Nxe6 18. Bxe6 Rxe6 19. Rg3 Rd6 20. Rxd6 Kxd6 21. Rd3+ Kc7 22. Na4 Nh6 23. Nc5 Kc8 24. Rd7 Ng4 25. Rxb7 Nxh2 26. Ra7 Kb8 27. Rf7 Ng4 28. Nd7+ Kc8 29. Nxf6 Nxf6 30. Rxf6 Kd7 31. Kd2 h5 32. Rxg6 h4 33. Rg2 h3 34. Rh2 Kd6 35. Ke3 Kc5 36. b3 a4 37. f5 axb3 38. axb3 Kd6 39. Kf4 Rh4+ 40. Kg5 Rh8 41. Kg4 Ke5 42. Rxh3 Rg8+ 43. Kf3 Rb8 44. Rh6 Rxb3+ 45. Kg4 Kxe4 46. Rxc6 Rb8 47. Re6+ Kd4 48. f6 Kxc4 49. f7 Rf8 50. Re7 Kd5 51. Kf5 1-0

[Event "DEN-chT 1415 53rd"]
[Site "Denmark"]
[Date "2014.12.14"]
[Round "3.8"]
[White "Klitgaard, Thomas"]
[Black "Junge, Ralf"]
[Result "0-1"]
[WhiteElo "2197"]
[BlackElo "2271"]
[PlyCount "96"]
[EventDate "2014.10.25"]
[EventType "team-tourn"]
[EventRounds "9"]
[EventCountry "DEN"]
[SourceTitle "EXT 2016"]
[Source "ChessBase"]
[SourceDate "2015.10.08"]
[SourceVersion "1"]
[SourceVersionDate "2015.10.08"]
[SourceQuality "1"]
[WhiteTeam "Nordre"]
[BlackTeam "Bronshoj"]
[WhiteTeamCountry "DEN"]
[BlackTeamCountry "DEN"]

1. d4 Nf6 2. Nf3 g6 3. c4 Bg7 4. Nc3 0-0 5. e4 d6 6. Be2 e5 7. d5 Na6 8. Bg5 h6 9. Bh4 Qe8 10. Nd2 Bd7 11. 0-0 Nh7 12. Rc1 h5 13. f3 Bh6 14. Bf2 Qe7 15. Rc2 Nb4 16. Rc1 Qg5 17. Be1 Qe3+ 18. Kh1 Nd3 19. Bxd3 Qxd3 20. Qe2 Qxe2 21. Nxe2 c5 22. Rd1 b5 23. Nb1 b4 24. Bd2 Bg7 25. b3 Rfb8 26. Be3 a5 27. Nd2 a4 28. h3 f5 29. f4 axb3 30. axb3 Ra2 31. Nc1 Rc2 32. fxe5 Bxe5 33. Nd3 Bc3 34. e5 dxe5 35. Nxc5 Nf8 36. Nb1 f4 37. Bg1 Bf5 38. Rfe1 Bxe1 39. Rxe1 Rb2 40. Na6 Rc8 41. Nxb4 Rxb1 42. Rxb1 Bxb1 43. Nc6 Ra8 44. Nxe5 Be4 45. h4 Ra2 46. Nf3 Nd7 47. d6 Bxf3 48. gxf3 Rc2 0-1

[Event "DEN-chT 1314 52nd"]
[Site "Denmark"]
[Date "2014.02.16"]
[Round "7.8"]
[White "Klitgaard, Thomas"]
[Black "Junge, Ralf"]
[Result "1/2-1/2"]
[WhiteElo "2182"]
[BlackElo "2304"]
[PlyCount "69"]
[EventDate "2013.11.02"]
[EventType "team-tourn"]
[EventRounds "9"]
[EventCountry "DEN"]
[SourceTitle "EXT 2015"]
[Source "ChessBase"]
[SourceDate "2014.11.20"]
[SourceVersion "1"]
[SourceVersionDate "2014.11.20"]
[SourceQuality "1"]
[WhiteTeam "Nordre"]
[BlackTeam "Bronshoj"]
[WhiteTeamCountry "DEN"]
[BlackTeamCountry "DEN"]

1. d4 d5 2. c4 e6 3. Nc3 c5 4. cxd5 cxd4 5. Qa4+ Bd7 6. Qxd4 exd5 7. Qxd5 Nf6 8. Qd1 Bc5 9. Nf3 0-0 10. e3 Nc6 11. Be2 Qe7 12. 0-0 Rfd8 13. a3 Rac8 14. Qc2 g6 15. Bd2 Bf5 16. Qa4 Ne5 17. Nd4 Bd7 18. Qc2 Nc6 19. Nxc6 Bxc6 20. Rad1 Bd6 21. Qb3 Ne4 22. Nxe4 Qxe4 23. f3 Qe8 24. Bc4 Rc7 25. Qa2 b5 26. Bb3 Rcd7 27. Ba5 Qxe3+ 28. Kh1 Qf4 29. Rxd6 Rxd6 30. Bxd8 Rxd8 31. Qb1 Rd2 32. Qc1 Qg5 33. Rg1 Bd5 34. Qc8+ Kg7 35. Qc3+ 1/2-1/2

[Event "Horsens op"]
[Site "Horsens"]
[Date "2011.07.??"]
[Round "2"]
[White "Klitgaard, Thomas"]
[Black "Rewitz, Poul"]
[Result "1-0"]
[WhiteElo "2159"]
[BlackElo "2289"]
[PlyCount "44"]
[EventDate "2011.07.??"]
[EventType "swiss"]
[EventRounds "7"]
[EventCountry "DEN"]
[SourceTitle "EXT 2012"]
[Source "ChessBase"]
[SourceDate "2011.11.24"]
[SourceVersion "1"]
[SourceVersionDate "2011.11.24"]
[SourceQuality "1"]

1. d4 Nf6 2. c4 e6 3. Nf3 Bb4+ 4. Nc3 c5 5. e3 b6 6. Bd3 Nc6 7. 0-0 Bxc3 8. bxc3 Ba6 9. e4 Na5 10. e5 Ng8 11. Ng5 Bxc4 12. Ne4 Bxd3 13. Nd6+ Kf8 14. Qxd3 f5 15. Ba3 Ne7 16. f4 Nac6 17. Rfd1 g5 18. fxg5 Rg8 19. dxc5 Nxe5 20. Qe2 Ng4 21. Kh1 Rxg5 22. Rf1 Rb8 1-0

[Event "Horsens op"]
[Site "Horsens"]
[Date "2011.07.??"]
[Round "3"]
[White "Rasmussen, Karsten"]
[Black "Klitgaard, Thomas"]
[Result "1/2-1/2"]
[WhiteElo "2434"]
[BlackElo "2159"]
[PlyCount "119"]
[EventDate "2011.07.??"]
[EventType "swiss"]
[EventRounds "7"]
[EventCountry "DEN"]
[SourceTitle "EXT 2012"]
[Source "ChessBase"]
[SourceDate "2011.11.24"]
[SourceVersion "1"]
[SourceVersionDate "2011.11.24"]
[SourceQuality "1"]

1. c4 b6 2. Nc3 Bb7 3. e4 e6 4. Nf3 Bb4 5. Qb3 Na6 6. Be2 Nf6 7. e5 Ng4 8. d4 c5 9. d5 f6 10. 0-0 Bxc3 11. Qxc3 exd5 12. cxd5 0-0 13. d6 Nxe5 14. Nxe5 fxe5 15. Qxe5 Qf6 16. Qg3 Nb4 17. Bd2 Nd5 18. Bf3 Bc6 19. Rad1 Qf7 20. Bg5 Nb4 21. Be2 Bd5 22. Be7 Rfe8 23. Bg4 Bc6 24. Qh3 Nd5 25. Bf5 g6 26. Rxd5 Qxd5 27. Bxd7 Bxd7 28. Qxd7 c4 29. h3 b5 30. f4 Qf5 31. Qc6 Rec8 32. Qf3 b4 33. Rd1 Qc5+ 34. Qf2 c3 35. bxc3 bxc3 36. Qxc5 Rxc5 37. d7 c2 38. Rc1 Rd5 39. Rxc2 Rxd7 40. Bf6 Kf7 41. Be5 Rad8 42. Rc6 Rd2 43. Ra6 R8d7 44. Kh2 R2d3 45. h4 Ke8 46. Bb8 Rb7 47. Bxa7 Rb2 48. Ra5 Rdd2 49. Rg5 Rxa2 50. Bb8 Ke7 51. Kh3 Rd1 52. Kh2 Raa1 53. Re5+ Kf7 54. Re3 Ra5 55. Be5 Rad5 56. h5 R1d3 57. hxg6+ hxg6 58. Re4 Rd2 59. Ra4 g5 60. Ra6 1/2-1/2

[Event "DEN-chT 0708"]
[Site "Denmark"]
[Date "2008.01.12"]
[Round "4.8"]
[White "Nielsen, Niels Peter"]
[Black "Klitgaard, Thomas"]
[Result "1/2-1/2"]
[WhiteElo "2047"]
[BlackElo "2094"]
[PlyCount "28"]
[EventDate "2007.11.10"]
[EventType "team-tourn"]
[EventRounds "9"]
[EventCountry "DEN"]
[SourceTitle "EXT 2023"]
[Source "ChessBase"]
[SourceDate "2022.10.05"]
[SourceVersion "1"]
[SourceVersionDate "2022.10.05"]
[SourceQuality "1"]
[WhiteTeam "Sydostfyn"]
[BlackTeam "Nordre"]
[WhiteTeamCountry "DEN"]
[BlackTeamCountry "DEN"]

1. e4 c5 2. c3 Nf6 3. e5 Nd5 4. d4 cxd4 5. Bc4 Nb6 6. Bb3 e6 7. cxd4 d6 8. Qe2 Nc6 9. Nf3 Be7 10. 0-0 0-0 11. Nc3 Bd7 12. Bf4 dxe5 13. dxe5 Nb4 14. Rfd1 Qb8 1/2-1/2